000 01022nam a2200217 i 4500
001 153717
003 ES-MaACL
005 20240510205010.0
008 050914s1882 sp | |||||||| ||spa d
040 _aCAM
_bspa
_cCAM
245 0 0 _aConsumos y cereales
_b: ley, instrucción y tarifas de 31 de diciembre de 1881 /
_ccon notas, comentarios y concordancias por Isidro Torres Muñoz y Eleuterio Delgado Martín.
250 _a2ª ed.
260 _aMadrid :
_bRevista de Hacienda,
_c1882 (
_fEstablecimiento tipográfico de P. Nuñez)
300 _a208 p. ;
_c16 cm.
490 1 _aBiblioteca de la Revista de Hacienda. Sección de manuales
700 1 _aDelgado y Martín, Eleuterio,
_d1852-1908
_943468
700 1 _aTorres Muñoz, Isidro.
_9133328
830 0 _aBiblioteca de la Revista de Hacienda. Sección de manuales
_9221434
852 _aES-MaACL
_jT-412-F-7
_z-- Enc. hol., falto de la cub. original
_z-- An. ms.: ded. del autor al Ateneo de Madrid
_z-- Enc. en un vol. facticio
999 _c153717
_d153717